<?xml version="1.0" encoding="UTF-8"?><?xml-stylesheet type="text/xsl" href="static/style.xsl"?><OAI-PMH xmlns="http://www.openarchives.org/OAI/2.0/" xmlns:xsi="http://www.w3.org/2001/XMLSchema-instance" xsi:schemaLocation="http://www.openarchives.org/OAI/2.0/ http://www.openarchives.org/OAI/2.0/OAI-PMH.xsd"><responseDate>2026-04-13T02:30:09Z</responseDate><request verb="GetRecord" identifier="oai:www.recercat.cat:11351/12025" metadataPrefix="marc">https://recercat.cat/oai/request</request><GetRecord><record><header><identifier>oai:recercat.cat:11351/12025</identifier><datestamp>2025-10-24T10:46:16Z</datestamp><setSpec>com_2072_378065</setSpec><setSpec>com_2072_378040</setSpec><setSpec>col_2072_378082</setSpec></header><metadata><record xmlns="http://www.loc.gov/MARC21/slim" xmlns:dcterms="http://purl.org/dc/terms/" xmlns:xsi="http://www.w3.org/2001/XMLSchema-instance" xmlns:doc="http://www.lyncode.com/xoai" xsi:schemaLocation="http://www.loc.gov/MARC21/slim http://www.loc.gov/standards/marcxml/schema/MARC21slim.xsd">
   <leader>00925njm 22002777a 4500</leader>
   <datafield ind2=" " ind1=" " tag="042">
      <subfield code="a">dc</subfield>
   </datafield>
   <datafield ind2=" " ind1=" " tag="260">
      <subfield code="c">2024-10-07T08:00:04Z</subfield>
   </datafield>
   <datafield ind2=" " ind1=" " tag="260">
      <subfield code="c">2024-10-07T08:00:04Z</subfield>
   </datafield>
   <datafield ind2=" " ind1=" " tag="260">
      <subfield code="c">2016-02</subfield>
   </datafield>
   <datafield ind2=" " ind1=" " tag="520">
      <subfield code="a">Estimulants ß-adrenèrgics; Asma; Nens</subfield>
   </datafield>
   <datafield ind2=" " ind1=" " tag="520">
      <subfield code="a">Estimulantes ß-adrenérgicos; Asma; Niños</subfield>
   </datafield>
   <datafield ind2=" " ind1=" " tag="520">
      <subfield code="a">ß-adrenergic stimulants; Asthma; Children</subfield>
   </datafield>
   <datafield ind2=" " ind1=" " tag="520">
      <subfield code="a">Aquest informe se centra en els pacients amb asma els estimulants ß-adrenèrgics de llarga durada sense corticoide incrementen el risc d’atac agut greu i de mort, sobretot en nens. Per aquest motiu, les guies de pràctica clínica sobre el tractament de l’asma els situen en el tercer esglaó del tractament (obligatòriament associats a corticoides).</subfield>
   </datafield>
   <datafield ind2=" " ind1=" " tag="520">
      <subfield code="a">Este informe se centra en los pacientes con asma cuyos estimulantes ß-adrenérgicos de larga duración sin corticoide incrementan el riesgo de ataque agudo grave y de muerte, sobre todo en niños. Por este motivo, las guías de práctica clínica sobre el tratamiento del asma los sitúan en el tercer escalón del tratamiento (obligatoriamente asociados a corticoides).</subfield>
   </datafield>
   <datafield ind2=" " ind1=" " tag="520">
      <subfield code="a">This report focuses on patients with asthma in whom long-term ß-adrenergic stimulants without corticosteroids increase the risk of severe acute attack and death, especially in children. For this reason, the clinical practice guidelines on the treatment of asthma place them in the third step of the treatment (compulsorily associated with corticosteroids).</subfield>
   </datafield>
   <datafield ind1="8" ind2=" " tag="024">
      <subfield code="a">http://hdl.handle.net/11351/12025</subfield>
   </datafield>
   <datafield tag="653" ind2=" " ind1=" ">
      <subfield code="a">Asma infantil - Tractament</subfield>
   </datafield>
   <datafield tag="653" ind2=" " ind1=" ">
      <subfield code="a">DISEASES::Respiratory Tract Diseases::Bronchial Diseases::Asthma</subfield>
   </datafield>
   <datafield tag="653" ind2=" " ind1=" ">
      <subfield code="a">NAMED GROUPS::Persons::Age Groups::Child</subfield>
   </datafield>
   <datafield tag="653" ind2=" " ind1=" ">
      <subfield code="a">CHEMICALS AND DRUGS::Chemical Actions and Uses::Pharmacologic Actions::Molecular Mechanisms of Pharmacological Action::Neurotransmitter Agents::Adrenergic Agents::Adrenergic Agonists::Adrenergic beta-Agonists</subfield>
   </datafield>
   <datafield tag="653" ind2=" " ind1=" ">
      <subfield code="a">ENFERMEDADES::enfermedades respiratorias::enfermedades bronquiales::asma</subfield>
   </datafield>
   <datafield tag="653" ind2=" " ind1=" ">
      <subfield code="a">DENOMINACIONES DE GRUPOS::personas::Grupos de Edad::niño</subfield>
   </datafield>
   <datafield tag="653" ind2=" " ind1=" ">
      <subfield code="a">COMPUESTOS QUÍMICOS Y DROGAS::acciones y usos químicos::acciones farmacológicas::mecanismos moleculares de acción farmacológica::neurotransmisores::adrenérgicos::agonistas adrenérgicos::agonistas adrenérgicos beta</subfield>
   </datafield>
   <datafield ind2="0" ind1="0" tag="245">
      <subfield code="a">Estimulants ß-adrenèrgics de llarga durada en el tractament de l’asma en nens</subfield>
   </datafield>
</record></metadata></record></GetRecord></OAI-PMH>